[Event "It (open)"]
[Site "masterchessopen.com Saint Vincent (Italy)"]
[Round "2"]
[White "Arizmendi Martinez Julen L (ESP)"]
[Black "Collutiis Duilio (ITA)"]
[Result "1-0"]
[WhiteElo "2531"]
[BlackElo "2404"]

1.e4 c5 2.Nf3 Nc6 3.d4 cxd4 4.Nxd4 Qc7 5.Nc3 e6 6.Be3 a6 7.Qd2 Nf6 8.O-O-O Ng4
9.Bf4 e5 10.Nd5 Qd8 11.h3 Nxf2 12.Qxf2 exf4 13.Qxf4 d6 14.Bc4 Nxd4 15.Rxd4 Be6
16.e5 Rc8 17.Rhd1 Rc6 18.Ne3 Be7 19.Bxe6 fxe6 20.exd6 Bf6 21.d7+ Ke7 22.Re4
Kf7 23.Ng4 Rc5 24.Nxf6 gxf6 25.Rxe6 {#r} 1-0

[Event "It (open)"]
[Site "masterchessopen.com San Jose (Spain)"]
[Round "0"]
[White "Anton Caturla Alejandro (ESP)"]
[Black "Roche Simon Miguel A (ESP)"]
[Result "0-1"]
[WhiteElo "1836"]
[BlackElo "2178"]

1.e4 c5 2.Nf3 e6 3.d4 cxd4 4.Nxd4 a6 5.Nc3 Qc7 6.Be3 Nc6 7.f3 b5 8.Qd2 Ne5
9.O-O-O Bb7 10.Nde2 Ne7 11.Bf4 N7g6 12.Bxe5 Nxe5 13.Qd4 Bc5 14.Qd2 Nc4 15.Qd3
Qa5 16.Kb1 Qb4 17.b3 Rb8 18.Ka1 O-O 19.Rb1 Ne5 20.Qd1 a5 21.Kb2 Bc6 {#R} 0-1

[Event "It (open)"]
[Site "masterchessopen.com Sautron (France)"]
[Round "6"]
[White "Algaba Pedro (FRA)"]
[Black "Prasad Devaki V (IND)"]
[Result "0-1"]
[WhiteElo "2054"]
[BlackElo "2375"]

1.e4 c5 2.Nf3 e6 3.d4 cxd4 4.Nxd4 Nc6 5.Be3 Qc7 6.Nc3 a6 7.Qd2 Nf6 8.Be2 Bb4
9.f3 Ne5 10.a3 Be7 11.Bf4 d6 12.g4 b5 13.O-O-O Rb8 14.Bg5 Nc4 15.Qd3 Nxg4
16.fxg4 Bxg5+ 17.Kb1 O-O 18.h4 Bf6 19.Nf3 Nxb2 20.Kxb2 b4 21.Qc4 bxc3+ 22.Ka1
Qa5 23.Bd3 {#R} 0-1

[Event "It (open) (w) \"]
[Site "masterchessopen.com St. Petersburg (Russia)"]
[Round "1"]
[White "Anisimova Darya (RUS)"]
[Black "Mashinskaya Iulia (RUS)"]
[Result "0-1"]
[WhiteElo "1935"]
[BlackElo "2268"]

1.e4 c5 2.Nf3 Nc6 3.d4 cxd4 4.Nxd4 Qc7 5.Nc3 e6 6.Be3 a6 7.f3 Nf6 8.a3 Ne5
9.Qd2 b5 10.Bf4 Bb7 11.g4 b4 12.axb4 Bxb4 13.Bxe5 Qxe5 14.Bc4 Qc7 15.Qd3 d5
16.exd5 Nxd5 17.Bxd5 Bxd5 18.Rxa6 Bxc3+ 19.bxc3 Rxa6 20.Qxa6 Qxc3+ {#R} 0-1

[Event "It (open)"]
[Site "masterchessopen.com Trevias (Spain)"]
[Round "2"]
[White "Alvarino Cazon Jose Manuel (ESP)"]
[Black "Gongora Maikel (CUB)"]
[Result "0-1"]
[WhiteElo "2093"]
[BlackElo "2411"]

1.e4 c5 2.Nf3 Nc6 3.d4 cxd4 4.Nxd4 Qc7 5.Nc3 e6 6.Be3 a6 7.Bd3 b5 8.O-O Bb7
9.Kh1 Nf6 10.a3 h5 11.f3 h4 12.Nxc6 Bxc6 13.Qe1 Bd6 14.f4 h3 15.g3 Qb7 16.Bd4
a5 17.Bxf6 gxf6 18.Qe2 Rb8 19.Rfe1 Bc5 20.Rad1 f5 21.Nd5 Bxd5 {#R} 0-1

[Event "Ch Poland (team) (1 liga)"]
[Site "masterchessopen.com Ustron (Poland)"]
[Round "0"]
[White "Nowacki Adrian (POL)"]
[Black "Symbor Przemyslaw (POL)"]
[Result "0-1"]
[WhiteElo "2026"]
[BlackElo "2234"]

1.e4 c5 2.Nf3 e6 3.d4 cxd4 4.Nxd4 Nc6 5.Nc3 Qc7 6.Be3 a6 7.Bd3 b5 8.O-O Bb7
9.a3 Rc8 10.Qe2 Nf6 11.f4 Nxd4 12.Bxd4 Bc5 13.Bxc5 Qxc5+ 14.Kh1 d6 15.Rad1 Nd7
16.Qd2 O-O 17.Be2 Nf6 18.Bf3 b4 19.axb4 Qxb4 20.e5 Bxf3 {#R} 0-1

[Event "Dos Hermanas Qualifier (15-A)"]
[Site "masterchessopen.com Internet"]
[Date "2003.03.15"]
[Round "2"]
[White "Cheparinov Ivan (BUL)"]
[Black "Kazantzidis Panagiotis (GRE)"]
[Result "1-0"]
[WhiteElo "2576"]
[BlackElo "2104"]

1.e4 c5 2.Nf3 Nc6 3.d4 cxd4 4.Nxd4 Qc7 5.Nc3 e6 6.Be3 a6 7.Qd2 Nf6 8.O-O-O Bb4
9.f3 b5 10.Bf4 Qb6 11.Nxc6 Qxc6 12.Be5 Bb7 13.Qg5 Rc8 14.Qxg7 Rg8 15.Qh6 Bxc3
16.bxc3 Rg6 17.Qf4 Nh5 18.Qe3 b4 19.c4 Qa4 20.Qb3 Qa5 21.Bd6 Rc6 22.e5 Nf4
23.g3 Rb6 24.gxf4 Bxf3 25.Qxf3 Qxa2 {#r} 1-0

[Event "It (open)"]
[Site "masterchessopen.com Bratto (Italy)"]
[Date "2003.08.21"]
[Round "1"]
[White "Shytaj Luca (ITA)"]
[Black "Lapiccirella Daniele (ITA)"]
[Result "1-0"]
[WhiteElo "2356"]
[BlackElo "2120"]

1.e4 c5 2.Nf3 e6 3.d4 cxd4 4.Nxd4 Nc6 5.Nc3 a6 6.Be3 Qc7 7.Qd2 b5 8.O-O-O Bb7
9.Ndxb5 axb5 10.Nxb5 Qc8 11.Bb6 Bb4 12.c3 Be7 13.Nc7+ Kf8 14.Nxa8 Qxa8 15.Kb1
Nf6 16.f3 h5 17.Bc4 h4 18.Qe3 Ba6 19.Bxa6 Qxa6 20.g4 d5 21.g5 Nd7 22.exd5 Nxb6
23.dxc6 Nd5 24.Rxd5 exd5 25.Re1 {#r} 1-0

[Event "Ch Poland (team) (2nd liga)"]
[Site "masterchessopen.com Poland"]
[Date "2003.09.14"]
[Round "11"]
[White "Mista Aleksander (POL)"]
[Black "Spisak Czeslaw (POL)"]
[Result "0-1"]
[WhiteElo "2487"]
[BlackElo "2335"]

1.e4 c5 2.Nf3 Nc6 3.Nc3 e6 4.d4 cxd4 5.Nxd4 Qc7 6.Be3 a6 7.Bd3 Nf6 8.O-O Ne5
9.Nf3 d6 10.Nxe5 dxe5 11.Na4 Bd7 12.c4 Qc6 13.Bc2 Rd8 14.Bb6 Rc8 15.c5 Nxe4
16.b4 Qd5 17.Re1 Nf6 18.Nc3 Qc4 19.Qd3 Qxb4 20.Rab1 Qh4 21.g3 Qh3 22.Rxe5 Ng4
23.Rf5 Bd6 24.Rf3 Ne5 25.Qe4 Nxf3+ {#R} 0-1

[Event "Ch Russia (juniors) (under 20) (g)"]
[Site "masterchessopen.com Samara (Russia)"]
[Date "2004.03.08"]
[Round "7"]
[White "Korbut Ekaterina (RUS)"]
[Black "Kursova Maria (RUS)"]
[Result "1-0"]
[WhiteElo "2400"]
[BlackElo "2315"]

1.e4 c5 2.Nf3 e6 3.d4 cxd4 4.Nxd4 Nc6 5.Nc3 Qc7 6.Be3 a6 7.f4 b5 8.Bd3 Nxd4
9.Bxd4 Qxf4 10.Rf1 Qc7 11.Qf3 f6 12.e5 Bb7 13.Qh5+ Kd8 14.exf6 gxf6 15.Rxf6
Bg7 16.Qg5 {#r} 1-0

[Event "It (cat.12)"]
[Site "masterchessopen.com Miskolc (Hungary)"]
[Date "2004.03.12"]
[Round "2"]
[White "Firman Nazar (UKR)"]
[Black "Goloshchapov Alexander (UKR)"]
[Result "0-1"]
[WhiteElo "2473"]
[BlackElo "2566"]

{ Goloshchapov Alexander (UKR) +0 =2 Goloshchapov Alexander (UKR) +0 =2 -3 }
1.e4 { 1 } 1...c5 2.Nf3 Nc6 3.d4 cxd4 4.Nxd4 e6 5.Nc3 Qc7 6.Be3 a6 7.Bd3 Nf6
8.Qe2 Bd6 { ?/= } 9.Nb3 { N } ( 9.h3 Be5 10.Nxc6 bxc6 11.O-O d5 12.Bd2 ( 12.f4
Bxc3 13.bxc3 dxe4 14.Bc4 c5 15.f5 exf5 16.Bf4 Qc6 17.Rad1 Be6 18.Rd6 Bxc4
19.Qxc4 Qb5 20.Re6+ Kf8 21.Qxb5 axb5 22.Re5 Nd7 23.Rxf5 Ke7 24.Rd5 Rhc8
25.Rfd1 Ra7 26.Kf2 Rc6 27.g4 Rca6 28.Ke3 Rxa2 { ...0-1, Cherkasov Nikolai 2324
- Hasangatin Ramil 2449 , Koszalin 1999 It (open) (b) } ) 12...O-O 13.Rae1
Bxc3 14.Bxc3 Nxe4 15.Bxe4 dxe4 16.Qxe4 f6 17.f4 Rd8 18.Re3 Rd5 19.Rg3 Qf7
20.Qb4 a5 21.Qb6 Bd7 22.Re1 Rf8 23.Ree3 Qh5 24.Rd3 a4 25.Qa7 Qf5 26.Qxa4 h5
27.h4 Rf7 28.Qc4 c5 { ...1-0, Aronin Lev S 2420 - Bykov Vladimir, Leningrad
1957 Ch URS (1/2 final) } ) ( 9.O-O-O Be5 10.Nxc6 bxc6 11.Na4 Rb8 12.b3 O-O (
12...d5 13.Bc5 Bd6 14.Kb1 Bxc5 15.Nxc5 Qe7 16.Na4 Qb4 17.e5 Qxa4 18.exf6 gxf6
19.Qf3 Ke7 20.Qg3 Qb4 21.c3 Qd6 22.Qg7 Bd7 23.Qh6 a5 24.g4 a4 25.Bc2 axb3
26.axb3 Rhg8 27.Rhg1 Ra8 28.b4 c5 { ...0-1, Rodin Mihail 2369 - Hasangatin
Ramil 2515 , Voronezh 2003 It (open) } ) 13.g3 Bd6 14.Bd4 Ba3+ 15.Kb1 e5
16.Bc3 d6 17.h3 Be6 18.f4 c5 19.fxe5 dxe5 20.Bc4 Qc6 21.Bxe6 Qxe6 22.Nb2 Bxb2
23.Kxb2 c4 24.g4 h6 25.Rhg1 Rb5 26.g5 hxg5 27.Rxg5 cxb3 28.axb3 Rfb8 { ...1-0,
Vorobiov Evgeny E 2541 - Rublevsky Sergei 2644 , Moscow 2002 It (open)
"Aeroflot" } ) ( 9.g3 Be5 ( 9...O-O 10.Nxc6 dxc6 11.f4 e5 12.f5 b5 13.Bg5 Bb7
14.Nd1 Be7 15.Nf2 Rad8 16.O-O c5 17.Bxf6 Bxf6 18.b3 Rd4 19.c3 Rd6 20.c4 b4
21.Rad1 Rfd8 22.h4 Rd4 23.Bc2 Qe7 24.Ng4 h5 25.Nxf6+ Qxf6 26.Rxd4 Rxd4 27.Rd1
Qd6 28.Rxd4 Qxd4+ { ...1/2-1/2, Kovalevskaya Ekaterina 2451 - Skripchenko
Almira 2456 , Krasnoturinsk 2003 Cup North Ural (w) } ) 10.Nxc6 Bxc3+ 11.bxc3
Qxc6 12.Bd4 b5 13.O-O Bb7 14.Rfe1 O-O 15.Bxf6 gxf6 16.Qg4+ Kh8 17.Qh4 e5
18.Rab1 Rab8 19.Bf1 Rg8 20.c4 bxc4 21.Rb4 a5 22.Rxc4 Qd6 23.Rc3 Bc6 24.Rd3 Qe7
25.Bh3 Rg6 26.Bf5 Kg7 27.Red1 Rb2 28.Rxd7 Bxd7 { ...1-0, Lein Anatoly 2383 -
Suetin Alexei S 2327 , Kiev 1964 Ch URS } ) ( 9.Nxc6 dxc6 10.Rd1 O-O 11.h3 c5
12.a4 Bd7 13.Bg5 Be5 14.O-O Rac8 15.Bc4 Bc6 16.Bd3 c4 17.Bxc4 Bxc3 18.bxc3
Nxe4 19.Qg4 Nxg5 20.Qxg5 Bxa4 21.Bd3 h6 22.Qg4 Bc6 23.Rde1 Bd5 24.Re3 f5
25.Qe2 Rf6 26.f3 Qb6 27.Kh1 Rxc3 28.Re1 Qd4 { ...0-1, Casa Alex 2193 - Kupper
Josef 2374 , Tel Aviv 1964 Olympiad } ) ( 9.a3 b5 10.Nxc6 Qxc6 11.f4 b4
12.axb4 Bxb4 13.Bd4 Bb7 14.e5 Qd5 15.exf6 Qxd4 16.Qe5 Qxe5+ 17.fxe5 gxf6
18.exf6 Rg8 19.Bxh7 Rxg2 20.O-O-O Bxc3 21.bxc3 O-O-O 22.Rhg1 Rf2 23.Rd4 Rxf6
24.Rc4+ Kb8 25.h4 Rc8 26.Rg8 Rxg8 27.Bxg8 Rf1+ 28.Kd2 f5 { ...0-1, Levitt Mark
2248 - Bjelobrk Igor 2279 , Bled 2002 Olympiad } ) 9...Bf4 { ?! 7 } ( 9...O-O
{ !? } 10.Bg5 Be5 11.Bxf6 Bxf6 { } ) 10.Bxf4 Qxf4 11.g3 Qc7 12.O-O-O d6 13.g4
b6 { } 14.Bb5 { ? ^22 } ( { ? } 14.g5 Nd7 15.Qd2 Nc5 16.Be2 { } ) 14...axb5
15.Nxb5 { ?! ^17 } ( 15.g5 { !? } 15...Nd7 16.Nxb5 Qb8 17.Nxd6+ { ^22 } )
15...Qe7 16.g5 { ? ^11 } ( { ? } 16.Nxd6+ Kf8 17.f4 Qc7 18.Kb1 { ^17 } )
16...Nxe4 17.f3 { ?! ^07 } ( 17.Qxe4 { !? } 17...Qxg5+ 18.Kb1 Qxb5 19.Nd4 {
^11 } ) 17...Ba6 18.c4 Qxg5+ 19.Kb1 Nc5 20.Nxd6+ Ke7 21.f4 Qf6 22.Qf3 Ne5
23.Qg2 Qg6+ { ^05 } {#R} 0-1

[Event "Ch France (team) 2004"]
[Site "masterchessopen.com France"]
[Date "2004.04.03"]
[Round "6"]
[White "Lutz Christopher (GER)"]
[Black "De La Riva Aguado Oscar (AND)"]
[Result "1-0"]
[WhiteElo "2596"]
[BlackElo "2528"]

{ Lutz Christopher (GER) +0 =2 -0 } 1.e4 { 1 } 1...c5 2.Nf3 Nc6 3.d4 cxd4
4.Nxd4 e6 5.Nc3 Qc7 6.Be3 a6 7.Qd2 { = } ( 7.Bd3 b5 8.Nxc6 Qxc6 9.O-O Bb7
10.Kh1 Nf6 11.f3 Bc5 12.Qe1 Bxe3 13.Qxe3 Qc7 14.a4 b4 15.Na2 a5 16.c3 bxc3
17.Nxc3 O-O 18.Nb5 Qb8 19.Rfe1 Rc8 20.Qd2 Rc5 21.Bf1 Bc6 22.Nd4 { 1/2-1/2,
Lutz Christopher 2565 - Ribli Zoltan 2585 , Germany 1996 Bundesliga 1995/96 }
) 7...Nxd4 ( 7...Nf6 8.O-O-O Bb4 9.f3 Na5 10.Nb3 d5 11.Kb1 Bxc3 12.bxc3 h6
13.Bf4 e5 14.Bxe5 Qxe5 15.Nxa5 Be6 16.Qd4 Qc7 17.e5 Nd7 18.Nb3 Qxe5 19.c4 Qxd4
20.Nxd4 Nb6 21.Nxe6 fxe6 22.cxd5 Nxd5 23.Rd2 Rc8 { 1/2-1/2, Leko Peter 2722 -
Anand Viswanathan 2766 , Wijk aan Zee 2004 It (cat.19) } ) ( 7...b5 8.Nxc6
Qxc6 9.f3 Bb7 10.O-O-O Ne7 11.Kb1 Ng6 12.h4 b4 13.Ne2 Ne5 14.Nf4 Rc8 15.Bd4 f6
16.Nh5 Qd6 17.Qe1 Qc7 18.Rd2 Bc5 19.Nxg7+ Ke7 20.Qe3 h5 21.Be2 Rh7 22.Nxh5
Rxh5 23.f4 Bxd4 24.Qxd4 Nc6 25.Qe3 Rh7 26.g4 Rg8 27.g5 { ...0-1, Grischuk
Alexander 2719 - Polgar Judit 2728 , Wijk aan Zee 2003 It (cat.19) } ) 8.Bxd4
( 8.Qxd4 b5 9.Be2 Bb7 10.Rd1 Nf6 11.e5 Nd5 12.Nxd5 Bxd5 13.O-O Be7 14.c3 O-O
15.f4 f6 16.exf6 Bxf6 17.Qd2 { 1/2-1/2, Ramaswamy Aarthie 2284 - Prudnikova
Svetlana 2426 , Bled 2002 Olympiad (w) } ) 8...Ne7 ( 8...b5 9.a4 b4 10.Na2 Nf6
11.Bd3 Bb7 12.Bxf6 gxf6 13.O-O Bd6 14.h3 Rg8 15.Nxb4 f5 16.Rfe1 Qc5 17.Nd5
Bxd5 18.exd5 Qxd5 19.f4 Bxf4 20.Qe2 Ke7 21.Rf1 Be5 22.Rad1 Rg5 23.Bxa6 Qc5+
24.Kh1 Rag8 25.Bb7 Bb8 26.Bf3 Qc7 27.g4 fxg4 28.Bxg4 { ...0-1, Zontakh Andrey
2578 - Abramovic Bosko 2485 , Novi Sad 2000 Ch Yugoslavia (team) } ) 9.O-O-O (
9.Qg5 h6 10.Qe3 d6 11.Bb6 Qb8 12.f4 Bd7 13.f5 Nc8 14.fxe6 fxe6 15.Be2 Nxb6
16.Qxb6 Qa7 17.Bh5+ Ke7 18.Qb3 g6 19.Bg4 h5 20.Be2 Bh6 21.e5 d5 22.Qb4+ Ke8
23.Nd1 Rf8 24.Bd3 Rf4 25.Bxg6+ Kd8 26.Qa5+ b6 27.Qc3 Rg4 28.Bxh5 Re4+ {
...1/2-1/2, Anand Viswanathan 2555 - Gobet Fernand 2405 , Biel 1988 It (cat.8)
} ) 9...b5 { N } ( 9...Nc6 10.Be3 Be7 11.f4 d6 ( 11...b5 12.Kb1 Bb7 13.Qf2 Nb8
14.Bd3 d6 15.f5 O-O 16.Rhg1 Nd7 17.g4 b4 18.Ne2 Ne5 19.Nf4 d5 20.exd5 Bxd5
21.Nxd5 exd5 22.g5 f6 23.h4 Nc4 24.Bd4 Rac8 25.Qg2 Qb7 26.gxf6 Bxf6 27.Bxf6
Rxf6 28.Bxc4 Rxc4 29.Rxd5 { ...1-0, Levi Nisan 2098 - Jansen Frank 2101 ,
Budapest 1999 Tournament (Elo) } ) 12.g4 b5 13.Kb1 Bb7 14.Qf2 O-O 15.g5 b4
16.Bb6 Qb8 17.Na4 Na7 18.Bd3 Nb5 19.Be3 d5 20.Nb6 d4 21.Bxd4 Nxd4 22.Qxd4 Qa7
23.Qg1 Rad8 24.Nc8 Qc5 25.Nxe7+ Qxe7 26.Qb6 Rb8 27.Qe3 a5 28.Rhe1 Rfc8 29.f5 {
...1/2-1/2, Andriasian Zaven 2358 - Andreikin Dmitry 2412 , Budva 2003 Ch
Europe (juniors) (under 14) } ) 10.Kb1 ( 10.Be3 Ng6 11.Kb1 Bb7 12.h4 Ne5
13.Bf4 f6 14.f3 Rc8 15.Ne2 Bc5 16.Nc1 O-O 17.h5 d5 18.exd5 Bxd5 19.h6 g6
20.Nd3 Be3 21.Bxe5 fxe5 22.Qe2 Qc4 23.Nb4 Qxb4 24.Qxe3 e4 25.Be2 Rfd8 26.Qa7
Qf8 27.fxe4 Bxe4 28.Rde1 Bxc2+ 29.Ka1 Bf5 { ...1-0, Rizouk Aimen 2493 - Teran
Alvarez Ismael 2382 , Linares 2003 It (open) } ) ( 10.Qe3 Rb8 11.Kb1 d6 12.f4
Nc6 13.g4 Nxd4 14.Qxd4 Qb6 15.Qd3 Be7 16.g5 h6 17.g6 O-O 18.f5 b4 19.Ne2 fxg6
20.Nf4 gxf5 21.Ng6 Re8 22.Qg3 fxe4 23.Bh3 d5 24.Rhg1 Rb7 25.Ne5 Bg5 26.Qg4 Qc7
27.Qh5 Rf8 28.Ng6 Rf2 29.Rc1 Bxc1 { ...0-1, Van Wely Loek 2320 - De Boer
Gert-Jan 2430 , Eindhoven 1989 Tournament } ) 10...Nc6 11.Be3 Ne5 ( 11...d6
12.Bf4 Ne5 { } ) 12.f4 ( 12.Bf4 f6 13.Be2 Be7 14.Bg3 O-O 15.Nd5 Qd8 16.Nxe7+
Qxe7 17.f4 Nf7 18.Bf3 Ra7 19.Bh4 d6 20.Bh5 Rd7 21.Rhe1 e5 22.Bg3 exf4 23.Bxf7+
Qxf7 24.Bxf4 Re8 25.Qb4 Bb7 26.g3 Qe6 27.Rxd6 Rxd6 28.Qxd6 Qxd6 29.Bxd6 Bxe4
30.Kc1 g5 31.Re3 Kf7 { ...1/2-1/2, Todorovic Goran M 2457 - Rajkovic Dusan
2473 , Pancevo 2002 Memorial Milivoj Petrov (cat.8) } ) 12...Nc4 13.Bxc4 Qxc4
14.Bd4 ( 14.e5 Bb4 15.Qd4 Qxd4 16.Rxd4 Bxc3 17.bxc3 Bb7 18.Rhd1 Bc6 19.g3 f6
20.c4 fxe5 21.fxe5 O-O 22.Bf4 h6 23.cxb5 axb5 24.c4 bxc4 25.Rxc4 Bd5 26.Rc7
Rfb8+ 27.Kc1 Rxa2 28.Rxd7 Rxh2 29.Rd2 Rc8+ 30.Kb2 Rxd2+ 31.Bxd2 Rc4 32.Rd8+
Kh7 33.Rd7 Rg4 { ...0-1, Navarro Cia Miguel 2330 - Oms Pallise Josep 2502 ,
Andorra 2003 It (open) } ) 14...f6 { N } 15.g4 Be7 16.g5 O-O 17.gxf6 { }
17...Bxf6 18.Bxf6 Rxf6 19.f5 { ?! } ( 19.Qd6 { !? } 19...Rf7 20.Rd4 Qc6 21.Qe5
{ } ) 19...b4 { ? } ( { ? } 19...Bb7 20.Rhg1 exf5 21.exf5 Rxf5 { } ) 20.Rhg1
h6 { ?? } ( { ? } 20...Rf7 21.fxe6 Qxe6 22.Nd5 d6 { } ) 21.Qd6 { } {#r} 1-0

[Event "It (open)"]
[Site "masterchessopen.com Dubai (United Arab Emirates)"]
[Date "2004.04.22"]
[Round "4"]
[White "Efimenko Zahar (UKR)"]
[Black "Paridar Shadi (IRI)"]
[Result "1-0"]
[WhiteElo "2594"]
[BlackElo "2242"]

1.e4 c5 2.Nf3 Nc6 3.d4 cxd4 4.Nxd4 Qc7 5.Nc3 e6 6.Be3 a6 7.Bd3 Ne5 8.O-O Nf6
9.h3 Bb4 10.f4 Nxd3 11.cxd3 Bxc3 12.bxc3 Qxc3 13.Nb3 d6 14.Rc1 Qb4 15.Bd4 a5
16.Rc4 Qb5 17.a4 Qd7 18.Bxf6 gxf6 19.Qh5 Qd8 20.Nd4 Bd7 21.Qh6 Rg8 22.Qxh7
{#r} 1-0

[Event "Ch Russia (students)"]
[Site "masterchessopen.com Ufa (Russia)"]
[Date "2004.05.09"]
[Round "5"]
[White "Khismatullin Denis (RUS)"]
[Black "Khayrullin Denis (RUS)"]
[Result "1-0"]
[WhiteElo "2552"]
[BlackElo "2361"]

1.e4 c5 2.Nf3 e6 3.d4 cxd4 4.Nxd4 Nc6 5.Nc3 Qc7 6.Be3 a6 7.Qd2 Nf6 8.f3 Bb4
9.a3 Be7 10.g4 h6 11.O-O-O d5 12.exd5 Nxd5 13.Nxd5 exd5 14.Kb1 Bd7 15.Nxc6
bxc6 16.g5 hxg5 17.Bxg5 Bd6 18.Rg1 Be6 19.Re1 Rb8 20.Qc3 Rxh2 21.Qxg7 c5
22.Bd3 Qd7 23.Qg8+ Bf8 24.Bf4 {#r} 1-0

[Event "It (open)"]
[Site "masterchessopen.com Sitges (Spain)"]
[Round "1"]
[White "Canals Bacardit Josep (ESP)"]
[Black "Pogorelov Ruslan (UKR)"]
[Result "0-1"]
[WhiteElo "1976"]
[BlackElo "2439"]

1.e4 c5 2.Nf3 Nc6 3.d4 cxd4 4.Nxd4 Qc7 5.Nc3 e6 6.Be3 a6 7.Qd2 Nf6 8.f3 b5
9.g4 h6 10.O-O-O Bb7 11.Kb1 b4 12.Na4 d5 13.Bf4 Qa5 14.b3 dxe4 15.g5 hxg5
16.Bxg5 Rd8 17.Nxc6 Rxd2 18.Nxa5 Rxd1+ 19.Kb2 Bd5 20.Bxf6 gxf6 21.fxe4 Bxe4
22.Bb5+ axb5 23.Rxd1 bxa4 24.Rd4 f5 {#R} 0-1

[Event "Ch Spain (juniors) (under 16)"]
[Site "masterchessopen.com Spain"]
[Round "4"]
[White "Claros Egea Christian (ESP)"]
[Black "Antoli Royo Joaquin Miguel (ESP)"]
[Result "0-1"]
[WhiteElo "2121"]
[BlackElo "2239"]

1.e4 c5 2.Nf3 Nc6 3.d4 cxd4 4.Nxd4 Qc7 5.Nc3 e6 6.Be3 a6 7.g3 h5 8.h4 Nf6
9.Bg2 Ng4 10.Qd2 Nxe3 11.Qxe3 Ne5 12.Nde2 b5 13.a3 Bb7 14.O-O Be7 15.Nf4 g5
16.hxg5 h4 17.b4 O-O-O 18.Nh3 f6 19.gxf6 Bxf6 20.Rac1 hxg3 21.f4 Nc4 22.Qxg3
Rdg8 {#R} 0-1

[Event "Ch Montenegro"]
[Site "masterchessopen.com Bijelo Polje (Yugoslavia)"]
[Date "2004.07.23"]
[Round "8"]
[White "Krivokapic Marko (MNE)"]
[Black "Djukic Nikola (MNE)"]
[Result "0-1"]
[WhiteElo "2324"]
[BlackElo "2462"]

1.e4 c5 2.Nf3 Nc6 3.d4 cxd4 4.Nxd4 Qc7 5.Nc3 e6 6.Be3 a6 7.Qd2 Nf6 8.O-O-O Bb4
9.f3 Na5 10.Nb3 d5 11.e5 Nd7 12.f4 Nc4 13.Bxc4 Qxc4 14.Bd4 a5 15.a3 a4 16.Qd3
Qxd3 17.Rxd3 Bxc3 {#R} 0-1

[Event "Memorial Karl Mala (open)"]
[Site "masterchessopen.com Frankfurt (Germany)"]
[Date "2004.07.23"]
[Round "3"]
[White "Golf Ekkehard (GER)"]
[Black "Milov Leonid (GER)"]
[Result "0-1"]
[WhiteElo "2156"]
[BlackElo "2470"]

1.e4 c5 2.Nf3 e6 3.d4 cxd4 4.Nxd4 Nc6 5.Nc3 Qc7 6.Be3 a6 7.a4 Nf6 8.Be2 Bb4
9.Bf3 Ne5 10.Ne2 d5 11.O-O Nxf3+ 12.gxf3 Bd6 13.Ng3 h5 14.Re1 h4 15.Nf1 dxe4
16.Nxe4 Be7 17.a5 Nd5 18.c3 Bd7 19.Qb3 Bc6 20.Nfd2 Nxe3 21.fxe3 Rd8 22.Re2 Qe5
23.Rg2 h3 24.Rg3 Rxd2 {#R} 0-1

[Event "It (open) (b)"]
[Site "masterchessopen.com Cullera (Spain)"]
[Date "2004.07.29"]
[Round "8"]
[White "Jonckers Marie-Jeanne (BEL)"]
[Black "Lopez Filio Antonio (ESP)"]
[Result "1-0"]
[WhiteElo "1652"]
[BlackElo "1883"]

1.e4 c5 2.Nf3 e6 3.d4 cxd4 4.Nxd4 a6 5.Nc3 Qc7 6.Be3 Nc6 7.Nb3 Nf6 8.f3 b5
9.a3 Be7 10.Be2 O-O 11.Qd2 d6 12.O-O Rb8 13.Na2 Ne5 14.Rab1 Nc4 15.Bxc4 bxc4
16.Qc3 d5 17.Nd2 Bd6 18.f4 Nxe4 19.Nxe4 dxe4 20.Kh1 e5 21.f5 f6 22.Qe1 Bb7
23.Qg3 Bc5 24.Nc3 Bd4 25.Bxd4 {#r} 1-0

[Event "It (open)"]
[Site "masterchessopen.com Ortigueira (Spain)"]
[Date "2004.08.06"]
[Round "4"]
[White "Cheparinov Ivan (BUL)"]
[Black "Herrera Irisberto (ESP)"]
[Result "1-0"]
[WhiteElo "2576"]
[BlackElo "2442"]

1.e4 c5 2.Nf3 Nc6 3.d4 cxd4 4.Nxd4 Qc7 5.Nc3 e6 6.Be3 a6 7.Qd2 Nf6 8.O-O-O Bb4
9.f3 Ne5 10.Nb3 b5 11.Bd4 Be7 12.Kb1 d6 13.Qf2 O-O 14.g4 Nfd7 15.Rg1 b4 16.Na4
Qc6 17.Nb6 Nxb6 18.Na5 Qe8 19.Bxb6 f5 20.gxf5 exf5 21.f4 fxe4 22.Qd4 {#r} 1-0

[Event "It (open)"]
[Site "masterchessopen.com Castelldefels (Spain)"]
[Date "2004.08.21"]
[Round "4"]
[White "Vera Pons Felipe (ESP)"]
[Black "Gironella Perello Lluis (ESP)"]
[Result "1-0"]
[WhiteElo "2155"]
[BlackElo "2064"]

1.e4 c5 2.Nf3 e6 3.d4 cxd4 4.Nxd4 Nc6 5.Nc3 Qc7 6.Be3 a6 7.Qd2 Nf6 8.O-O-O Bb4
9.f3 Ne5 10.Nb3 b5 11.Qe1 Be7 12.f4 Nc4 13.e5 Ng4 14.Bd4 O-O 15.Bd3 f5 16.h3
Nh6 17.g4 Bb7 18.Rg1 Bf3 19.gxf5 Bxd1 20.f6 Rf7 21.Qe4 Nf5 22.Qxa8+ Rf8 {#r}
1-0

[Event "Ch Poland (team) (2nd liga)"]
[Site "masterchessopen.com Polanica Zdroj (Poland)"]
[Round "1"]
[White "Robak Zbigniew (POL)"]
[Black "Kazek Krzysztof (POL)"]
[Result "1-0"]
[WhiteElo "2285"]
[BlackElo "2209"]

1.e4 c5 2.Nf3 e6 3.d4 cxd4 4.Nxd4 Nc6 5.Nc3 Qc7 6.Be3 a6 7.Bd3 b5 8.O-O Nf6
9.Qe2 Bb7 10.Rae1 Be7 11.Kh1 O-O 12.f4 b4 13.Na4 d6 14.f5 Nxd4 15.Bxd4 e5
16.Bg1 Rfe8 17.c4 Nd7 18.b3 Nc5 19.Bxc5 dxc5 20.Rf3 f6 21.Rh3 Bf8 22.Qh5 h6
23.Qg6 Kh8 24.Ree3 Bd6 25.Rxh6+ {#r} 1-0

[Event "It (open)"]
[Site "masterchessopen.com Sauzal (Spain)"]
[Date "2004.11.06"]
[Round "2"]
[White "Korneev Oleg (RUS)"]
[Black "Alvarez Diaz Victor (ESP)"]
[Result "1-0"]
[WhiteElo "2583"]
[BlackElo "2125"]

1.e4 c5 2.Nf3 Nc6 3.d4 cxd4 4.Nxd4 Qc7 5.Nc3 e6 6.Be3 a6 7.Qd2 Nf6 8.O-O-O Be7
9.f3 O-O 10.g4 b5 11.g5 Ne8 12.h4 Nxd4 13.Bxd4 Bc5 14.Kb1 Bxd4 15.Qxd4 d6
16.h5 Qc5 17.Qd2 b4 18.Ne2 Bb7 19.Nd4 d5 20.e5 a5 21.g6 Nc7 22.Bh3 Qe7 23.Rdg1
Kh8 24.gxh7 a4 {#r} 1-0